K riadeniu mimoškolskej výchovy a vzdelávania

Bibliographic Details
Main Author: Hubert, Rudolf (Author)
Format: Article
Language:Slovak
Subjects:

MARC

LEADER 00000nab a2200000 a 4500
001 vtls000027202
003 SK-MaSNL
005 20260303031202.0
008 111103c1979 xo 0 slo
015 |a SNBRB19rr/mm-uuuuu 
035 |a CL0037296 
040 |a SNKBUCL  |b slo  |c SNKBUCL  |e AACR2 
041 0 |a slo 
044 |a xo  |c SK 
080 |a 374  |2 1981 
100 1 |a Hubert, Rudolf  |4 aut  |9 5834 
245 1 0 |a K riadeniu mimoškolskej výchovy a vzdelávania  |c Rudolf Hubert 
650 0 7 |a mimoškolská výchova  |2 snkbucl  |9 68710 
650 0 7 |a mimoškolské vzdelávanie  |2 snkbucl  |9 66292 
655 7 |a články z novín a časopisov  |2 snkbucl  |9 267496 
773 0 |t Osvetová práca  |g Roč. 29, č. 8 (1979), s. 8-11 
850 |a Slovenská národná knižnica v Martine  |a MTA001 
852 |a SNK  |b KIS3GCP 
958 |a RK 
992 |a RBX 
999 |c 1656502  |d 1658432